Belai︠a︡ kniga : novye fakty, svidetelʹstva, dokumenty /

Bibliographic Details
Other Authors: Filatova, A. I.
Format: Book
Language:Russian
Published: Moskva : "I︠U︡rid. lit-ra", 1985.
Subjects:

MARC

Tag First Indicator Second Indicator Subfields
LEADER 00000cam a2200000 a 4500
001 in00002016352
005 20151031144407.0
008 900816s1985 ru a 000 0 ruso
010 |a  85213685  
019 |a 14959411  |a 17400085  |a 18865736 
020 |c 1.70rub 
035 |a (OCoLC)ocm13028453 
040 |a DLC  |c DLC  |d TXA  |d UtOrBLW 
043 |a e-ur---  |a a-is--- 
049 |a TXAM 
050 0 0 |a DS135.R92  |b B42 1985 
245 0 0 |a Belai︠a︡ kniga :  |b novye fakty, svidetelʹstva, dokumenty /  |c [redaktor A.I. Filatova]. 
264 1 |a Moskva :  |b "I︠U︡rid. lit-ra",  |c 1985. 
300 |a 302 pages :  |b illustrations ;  |c 20 cm. 
336 |a text  |b txt  |2 rdacontent 
337 |a unmediated  |b n  |2 rdamedia 
338 |a volume  |b nc  |2 rdacarrier 
650 0 |a Jews, Soviet  |z Israel. 
650 0 |a Civil rights  |z Soviet Union. 
650 0 |a Espionage  |z Soviet Union. 
651 0 |a Israel  |x Social conditions. 
700 1 |a Filatova, A. I. 
948 |a cataloged  |b h  |c 2004/11/30  |d c  |e spoltoratski  |f 1:36:54 pm 
994 |a E0  |b TXA 
999 |a MARS 
999 f f |s 9f5ff7c4-a092-3e49-9134-92fe652018c9  |i d2f532f3-a7ee-335e-aef4-21db6a16fd2c  |t 0 
952 f f |p ric  |a Texas A&M University  |b Rellis Campus  |c Joint Library Facility  |d Remote Storage  |t 0  |e DS135.R92 B42 1985  |h Library of Congress classification  |i unmediated -- volume  |m A14831595467 
998 f f |a DS135.R92 B42 1985  |t 0  |l Remote Storage